000 00501nam a2200181Ia 4500
001 11643
005 20260306162843.0
008 260306t1982||||xx |||||||||||||| ||spa||
041 _aESP
082 _a985.611
_bD57
100 _aDenegri Luna, Félix [1919-1998]
_eAUT
245 0 _aCuzco:
_bsus fundaciones y su rol en la formación del nacionalismo hispanoamericano
260 _c1982
300 _a311 - 312 páginas :
_c26 cm.
650 _aGEN
654 _aCHU
942 _cSEP
_dJUS
_fJUS
_2ddc
_n
999 _c11643
_d11643